<?xml version="1.0" encoding="UTF-8"?>
<collection xmlns:xsi="http://www.w3.org/2001/XMLSchema-instance" xsi:schemaLocation="http://www.loc.gov/MARC21/slim http://www.loc.gov/standards/marcxml/schema/MARC21slim.xsd" xmlns="http://www.loc.gov/MARC21/slim">
 <record>
  <leader>00000cab a22000003a 4500</leader>
  <controlfield tag="001">UP-99796217609436519</controlfield>
  <controlfield tag="003">Buklod</controlfield>
  <controlfield tag="005">20231007234215.0</controlfield>
  <controlfield tag="006">m    |o  d |      </controlfield>
  <controlfield tag="007">ta</controlfield>
  <controlfield tag="008">100902s        xx     d | ||r |||||   ||</controlfield>
  <datafield tag="040" ind1=" " ind2=" ">
   <subfield code="a">DENGII</subfield>
  </datafield>
  <datafield tag="041" ind1=" " ind2=" ">
   <subfield code="a">eng</subfield>
  </datafield>
  <datafield tag="100" ind1="0" ind2=" ">
   <subfield code="a">Bretz, E.A.</subfield>
  </datafield>
  <datafield tag="245" ind1="0" ind2="0">
   <subfield code="a">Test and measurement [Technology 2000 analysis and forecast].</subfield>
  </datafield>
  <datafield tag="300" ind1=" " ind2=" ">
   <subfield code="a">pp. 75-79</subfield>
  </datafield>
  <datafield tag="520" ind1=" " ind2=" ">
   <subfield code="a">The awareness that every electronic product, from PCs to Internet appliances, is pining for tinier and more powerful chips is whipping semiconductor development along at a frenetic pace. It is also hounding automation of design and test and IC test development, but test inevitably lags behind chip development. Devising (and performing) tests for the so-called system on a chip is a time-consuming process. Many thousands of test patterns and vectors must be created, as must protocols, and the fault coverage achieved must be high enough to complete the necessary testing and to minimize the cost. The challenges multiply further as the test chain ascends from chip to board to system and ultimately field-level tests. Each level adds expense so that soon, by some estimates, test could account for half of the final cost of a chip</subfield>
  </datafield>
  <datafield tag="653" ind1=" " ind2=" ">
   <subfield code="a">IC test development.</subfield>
  </datafield>
  <datafield tag="653" ind1=" " ind2=" ">
   <subfield code="a">Design automation.</subfield>
  </datafield>
  <datafield tag="653" ind1=" " ind2=" ">
   <subfield code="a">Electronic product.</subfield>
  </datafield>
  <datafield tag="653" ind1=" " ind2=" ">
   <subfield code="a">Protocols.</subfield>
  </datafield>
  <datafield tag="653" ind1=" " ind2=" ">
   <subfield code="a">Semiconductor development.</subfield>
  </datafield>
  <datafield tag="653" ind1=" " ind2=" ">
   <subfield code="a">System on a chip.</subfield>
  </datafield>
  <datafield tag="653" ind1=" " ind2=" ">
   <subfield code="a">Test automation.</subfield>
  </datafield>
  <datafield tag="653" ind1=" " ind2=" ">
   <subfield code="a">Test chain.</subfield>
  </datafield>
  <datafield tag="773" ind1="0" ind2=" ">
   <subfield code="t">IEEE spectrum</subfield>
   <subfield code="g">37, 1 (2000).</subfield>
  </datafield>
  <datafield tag="905" ind1=" " ind2=" ">
   <subfield code="a">FO</subfield>
  </datafield>
  <datafield tag="852" ind1=" " ind2=" ">
   <subfield code="a">UPD</subfield>
   <subfield code="b">DENG-II</subfield>
  </datafield>
  <datafield tag="942" ind1=" " ind2=" ">
   <subfield code="a">Article</subfield>
  </datafield>
 </record>
</collection>
